000 00196 a2200097 4500
001 25790
100 _aLudwig, R M
245 _aNine Short Noveles
260 _a
_bHeath
_c
090 _c17433
_d17433
942 _aNUST-CAE
_cM
_c8262
999 _c260863
_d260863